Formule 1 : Vainqueur de chaque Grand Prix 2025 - Statistiques

Statistiques générales
  • Ce quiz a été pris 31 fois
  • Le résultat moyen est 23 sur 24
Statistiques - réponses
Hint Réponse % Correct
Mexique Lando Norris
100%
Brésil Lando Norris
100%
Etats-Unis (Austin) Max Verstappen
100%
Etats-Unis (Las Vegas) Max Verstappen
100%
Qatar Max Verstappen
100%
EAU (Abu Dhabi) Max Verstappen
100%
Australie Lando Norris
96%
Monaco Lando Norris
96%
Japon Max Verstappen
96%
Italie (Imola) Max Verstappen
96%
Chine Oscar Piastri
96%
Bahrein Oscar Piastri
96%
Arabie saoudite Oscar Piastri
96%
Etats-Unis (Miami) Oscar Piastri
96%
Espagne Oscar Piastri
96%
Pays-Bas Oscar Piastri
96%
Canada George Russell
93%
Singapour George Russell
93%
Autriche Lando Norris
93%
Grande-Bretagne Lando Norris
93%
Hongrie Lando Norris
93%
Italie (Monza) Max Verstappen
93%
Azerbaïdjan Max Verstappen
93%
Belgique Oscar Piastri
93%
Aucun quiz correspondant
Distribution des résultats
% des personnes avec chaque résultat
Percentile par nombre de réponses
Votre historique - résultats
Vous n’avez pas pris ce quiz